00529nam a2200157 a 450000100100000000500170001000800410002704000250006808200150009310000260010824500480013426000380018230000210022095201130024199900170035400003662320200930075832.0120123s1999 dr 000 0 spa d aDO-SdBNPbspacBNPHU axxxxbJ55c1 aJerez, Dominga96291910aPor cumplir mis palabras. /cDominga Jerez. a[Santo Domingo :bs. n.,c201u?]. a191 p. ;c22 cm. 0010718PDaPDbPDcCTd2012-03-19iLF1l0oxxxx J55cp36623-20r2020-06-25w2020-06-25yLFPDZNo se presta c36114d36114